आजादी के तराने / (Record no. 198047)

MARC details
000 -LEADER
fixed length control field 00712nam a22001817a 4500
005 - DATE AND TIME OF LATEST TRANSACTION
control field 20230912161349.0
010 ## - LCCN (DPL NO)
LC control number HIN-125938
020 ## - INTERNATIONAL STANDARD BOOK NUMBER
International Standard Book Number 8187617039
Terms of availability 200.00
035 ## - SYSTEM CONTROL NUMBER
System control number HN-98284
037 ## - SOURCE OF ACQUISITION
Source of stock number/acquisition DBAD/PUB
082 ## - DEWEY DECIMAL CLASSIFICATION NUMBER
Classification number 821
100 ## - MAIN ENTRY--PERSONAL NAME
Personal name रावल, अमृत लाल
245 ## - TITLE STATEMENT
Title आजादी के तराने /
Statement of responsibility, etc अमृत लाल रावल
260 ## - PUBLICATION, DISTRIBUTION, ETC. (IMPRINT)
Place of publication, distribution, etc नई दिल्ली
Name of publisher, distributor, etc ढाही अक्षर प्रकाशन
270 ## - ADDRESS
City नई दिल्ली
Address आर्य समाज रोड, करोल बाग
Postal code 110005
300 ## - PHYSICAL DESCRIPTION
Extent 268पृ.
Dimensions 22 सेमी (अजिल्द )
942 ## - ADDED ENTRY ELEMENTS (KOHA)
Source of classification or shelving scheme Dewey Decimal Classification
Item type Hindi Books
Classification part 821
Call number suffix रावल
Holdings
Withdrawn status Lost status Not for loan Collection code Home library Current library Date acquired Source of acquisition Cost, normal purchase price Full call number Barcode Copy number Cost, replacement price Koha item type
      Non-fiction D.B.Act.Division Mobile Library 12/09/2023 DBAD/PUB 200.00 821 रावल HN-98284 1 200.00 Hindi Books

© Delhi Public Library
Hit Counter
free hit counter